| 000 | 00683nam a2200229Ia 4500 | ||
|---|---|---|---|
| 001 | 9751 | ||
| 003 | GE_BSU | ||
| 008 | 181216s||||||||xx |||||||||||||| ||und|| | ||
| 020 | _a999403961X | ||
| 040 | _cGE_BSU | ||
| 080 | _a821.353.1-1 | ||
| 100 | _aგრანელი,ტერენტი | ||
| 245 | _aასი ლექსი | ||
| 245 | _cრედ.-შემდ:მაია კუდავა;წინათქმა:თამაზ ფიფია | ||
| 260 | _aთბილისი. | ||
| 260 | _bინტელექტი. | ||
| 260 | _c2005 | ||
| 300 | _a115გვ;20სმ. | ||
| 541 | _h5ლ.60თ. | ||
| 653 | _aასი ლექსი | ||
| 942 | _cBK | ||
| 999 |
_c43031 _d43031 |
||